Nhập môn lí thuyết xác suất và thống kê toán : Tài liệu đào tạo giáo viên tiểu học trình độ cao đẳng và đại học Sư phạm /
Biến cố ngẫu nhiên và xác suất. Thống kê toán
Đã lưu trong:
| Tác giả chính: | |
|---|---|
| Tác giả khác: | |
| Định dạng: | Sách |
| Ngôn ngữ: | Vietnamese |
| Được phát hành: |
H. :
Giáo dục ; Đại Học Sư Phạm,
2007.
|
| Những chủ đề: | |
| Các nhãn: |
Thêm thẻ
Không có thẻ, Là người đầu tiên thẻ bản ghi này!
|
| Thư viện lưu trữ: | Mạng thư viện Đại học Đà Nẵng |
|---|
| LEADER | 01876nam a2200385 4500 | ||
|---|---|---|---|
| 001 | 000013090 | ||
| 003 | 9425 | ||
| 005 | 20220830133541.0 | ||
| 008 | 120307s2007 viesd | ||
| 040 | 0 | |a LSP |c LSP | |
| 041 | 0 | |a vie | |
| 082 | |a 519.2 |b TR-H | ||
| 100 | 1 | # | |a Trần, Diên Hiển |e chủ biên |
| 245 | 1 | 0 | |a Nhập môn lí thuyết xác suất và thống kê toán : |b Tài liệu đào tạo giáo viên tiểu học trình độ cao đẳng và đại học Sư phạm / |c Trần Diên Hiển (ch.b), Vũ Viết Yên. |
| 246 | 1 | 0 | |a Nhập môn lý thuyết xác suất và thống kê toán |b Tài liệu đào tạo giáo viên tiểu học trình độ cao đẳng và đại học Sư phạm |
| 260 | |a H. : |b Giáo dục ; Đại Học Sư Phạm, |c 2007. | ||
| 300 | |a 127 tr. ; |c 29 cm. | ||
| 500 | |a Bộ giáo dục và đào tạo - Dự án đào tạo giáo viên Tiểu học | ||
| 520 | |a Biến cố ngẫu nhiên và xác suất. Thống kê toán | ||
| 650 | 1 | 4 | |a Xác suất (toán học) |x Giáo dục tiểu học |
| 650 | 1 | 4 | |a Thống kê (toán học) |
| 700 | 1 | # | |a Vũ, Viết Yên |
| 910 | |a Nguyễn Thị Lê Na | ||
| OWN | |a LSP | ||
| AVA | |a UDN50 |b LSP |d 519.2 TR-H |e available |t Error 5001 Not defined in file expand_doc_bib_avail. |f 5 |g 0 |h N |i 0 |k 1 | ||
| AVA | |a UDN50 |b LSP |c Textbooks |d 519.2 TR-H |e check_holdings |t Error 5003 Not defined in file expand_doc_bib_avail. |h N |j GT |k 1 | ||
| 999 | |a From the UDN01 | ||
| AVA | |a UDN50 |b LSP |d 519.2 TR-H |e available |t Error 5001 Not defined in file expand_doc_bib_avail. |f 5 |g 0 |h N |i 0 |k 1 | ||
| AVA | |a UDN50 |b LSP |c Textbooks |d 519.2 TR-H |e available |t Error 5001 Not defined in file expand_doc_bib_avail. |f 30 |g 1 |h N |i 3 |j GT |k 1 | ||
| TYP | |a Monograph | ||
| TYP | |a Printed language | ||
| 980 | |a Mạng thư viện Đại học Đà Nẵng | ||